00609nam a2200181Ia 4500008004000000020001800040082001600058100003800074245004400112250000500156260004200161300000800203650004000211690001600251906001100267999001900278952013000297210210b1997 xxu||||| |||| 00| 0 eng d a81 219 1498 1 a510.02 RAOE aRAO (V Venkateswara) and others. aEAMCET- mathematics for A.P. students. a aNew Delhi.bS. Chand & Co. Ltd.c1997 a854 aEAMCET Mathematics, A.P. Students  aMathematics a052355 c100641d100641 001040708MathematicsaALbALcMathematicsd2021-02-17g250.00l0o510.02 RAOEp052355r2021-02-17 00:00:00w2021-02-17yBK